{"text_format":"1","workbook":"xlsx","n_sheets":3,"sheets":["Formato","Instructivo de Diligenciamiento","Listas"],"not_rendered":{"charts":0,"images":3,"macros":1,"external_links":0,"defined_names":3,"comments":0,"pivot_tables":0},"unopened":[],"bounds":{"document_bytes":16777216,"sheet_cells":100000,"rows_first":2000,"rows_last":500,"rows_between":2000,"halvings":0,"cell_chars":16384,"cell_head_chars":4096},"cells_cut":0,"cells_raw":0,"read":"whole","date_system":"1900"}

{"sheet":"Formato","index":0,"n_rows":122,"n_cols":17,"rows_kept":122,"cut":false,"hidden":false,"merged":[[108,2,108,3],[108,8,108,9],[108,10,108,11],[108,16,108,17],[106,2,106,3],[106,8,106,9],[106,10,106,11],[106,16,106,17],[107,2,107,3],[107,8,107,9],[107,10,107,11],[107,16,107,17],[104,2,104,3],[104,8,104,9],[104,10,104,11],[104,16,104,17],[105,2,105,3],[105,8,105,9],[105,10,105,11],[105,16,105,17],[102,2,102,3],[102,8,102,9],[102,10,102,11],[102,16,102,17],[103,2,103,3],[103,8,103,9],[103,10,103,11],[103,16,103,17],[100,2,100,3],[100,8,100,9],[100,10,100,11],[100,16,100,17],[101,2,101,3],[101,8,101,9],[101,10,101,11],[101,16,101,17],[98,2,98,3],[98,8,98,9],[98,10,98,11],[98,16,98,17],[99,2,99,3],[99,8,99,9],[99,10,99,11],[99,16,99,17],[96,2,96,3],[96,8,96,9],[96,10,96,11],[96,16,96,17],[97,2,97,3],[97,8,97,9],[97,10,97,11],[97,16,97,17],[94,2,94,3],[94,8,94,9],[94,10,94,11],[94,16,94,17],[95,2,95,3],[95,8,95,9],[95,10,95,11],[95,16,95,17],[92,2,92,3],[92,8,92,9],[92,10,92,11],[92,16,92,17],[93,2,93,3],[93,8,93,9],[93,10,93,11],[93,16,93,17],[90,2,90,3],[90,8,90,9],[90,10,90,11],[90,16,90,17],[91,2,91,3],[91,8,91,9],[91,10,91,11],[91,16,91,17],[88,2,88,3],[88,8,88,9],[88,10,88,11],[88,16,88,17],[89,2,89,3],[89,8,89,9],[89,10,89,11],[89,16,89,17],[86,2,86,3],[86,8,86,9],[86,10,86,11],[86,16,86,17],[87,2,87,3],[87,8,87,9],[87,10,87,11],[87,16,87,17],[84,2,84,3],[84,8,84,9],[84,10,84,11],[84,16,84,17],[85,2,85,3],[85,8,85,9],[85,10,85,11],[85,16,85,17],[82,2,82,3],[82,8,82,9],[82,10,82,11],[82,16,82,17],[83,2,83,3],[83,8,83,9],[83,10,83,11],[83,16,83,17],[80,2,80,3],[80,8,80,9],[80,10,80,11],[80,16,80,17],[81,2,81,3],[81,8,81,9],[81,10,81,11],[81,16,81,17],[78,2,78,3],[78,8,78,9],[78,10,78,11],[78,16,78,17],[79,2,79,3],[79,8,79,9],[79,10,79,11],[79,16,79,17],[76,2,76,3],[76,8,76,9],[76,10,76,11],[76,16,76,17],[77,2,77,3],[77,8,77,9],[77,10,77,11],[77,16,77,17],[74,2,74,3],[74,8,74,9],[74,10,74,11],[74,16,74,17],[75,2,75,3],[75,8,75,9],[75,10,75,11],[75,16,75,17],[72,2,72,3],[72,8,72,9],[72,10,72,11],[72,16,72,17],[73,2,73,3],[73,8,73,9],[73,10,73,11],[73,16,73,17],[70,2,70,3],[70,8,70,9],[70,10,70,11],[70,16,70,17],[71,2,71,3],[71,8,71,9],[71,10,71,11],[71,16,71,17],[68,2,68,3],[68,8,68,9],[68,10,68,11],[68,16,68,17],[69,2,69,3],[69,8,69,9],[69,10,69,11],[69,16,69,17],[66,2,66,3],[66,8,66,9],[66,10,66,11],[66,16,66,17],[67,2,67,3],[67,8,67,9],[67,10,67,11],[67,16,67,17],[64,2,64,3],[64,8,64,9],[64,10,64,11],[64,16,64,17],[65,2,65,3],[65,8,65,9],[65,10,65,11],[65,16,65,17],[62,2,62,3],[62,8,62,9],[62,10,62,11],[62,16,62,17],[63,2,63,3],[63,8,63,9],[63,10,63,11],[63,16,63,17],[60,2,60,3],[60,8,60,9],[60,10,60,11],[60,16,60,17],[61,2,61,3],[61,8,61,9],[61,10,61,11],[61,16,61,17],[58,2,58,3],[58,8,58,9],[58,10,58,11],[58,16,58,17],[59,2,59,3],[59,8,59,9],[59,10,59,11],[59,16,59,17],[56,2,56,3],[56,8,56,9],[56,10,56,11],[56,16,56,17],[57,2,57,3],[57,8,57,9],[57,10,57,11],[57,16,57,17],[54,2,54,3],[54,8,54,9],[54,10,54,11],[54,16,54,17],[55,2,55,3],[55,8,55,9],[55,10,55,11],[55,16,55,17],[52,2,52,3],[52,8,52,9],[52,10,52,11],[52,16,52,17],[53,2,53,3],[53,8,53,9],[53,10,53,11],[53,16,53,17],[50,2,50,3],[50,8,50,9],[50,10,50,11],[50,16,50,17],[51,2,51,3],[51,8,51,9],[51,10,51,11],[51,16,51,17],[48,2,48,3],[48,8,48,9],[48,10,48,11],[48,16,48,17],[49,2,49,3],[49,8,49,9],[49,10,49,11],[49,16,49,17],[46,2,46,3],[46,8,46,9],[46,10,46,11],[46,16,46,17],[47,2,47,3],[47,8,47,9],[47,10,47,11],[47,16,47,17],[44,8,44,9],[44,10,44,11],[44,16,44,17],[45,2,45,3],[45,8,45,9],[45,10,45,11],[45,16,45,17],[42,2,42,3],[42,8,42,9],[42,10,42,11],[42,16,42,17],[43,2,43,3],[43,8,43,9],[43,10,43,11],[43,16,43,17],[29,6,29,8],[15,3,15,7],[1,1,1,13],[7,1,7,2],[11,1,11,2],[23,9,23,13],[25,1,25,2],[25,4,25,5],[25,6,25,8],[25,9,25,10],[25,11,25,13],[11,3,11,9],[9,10,9,11],[9,12,9,13],[2,1,2,13],[13,1,13,13],[15,1,15,2],[4,1,5,3],[4,10,5,11],[4,7,5,9],[4,4,5,5],[27,9,27,10],[21,1,21,13],[7,3,7,9],[9,1,9,2],[9,3,9,7],[7,12,7,13],[23,1,23,2],[23,4,23,8],[19,1,19,13],[27,1,27,2],[27,4,27,5],[27,6,27,8],[17,1,17,13],[27,11,27,13],[29,1,29,2],[29,4,29,5],[29,9,29,10],[31,1,31,2],[31,4,31,5],[31,9,31,10],[31,6,31,8],[31,11,31,13],[121,13,122,14],[119,4,119,5],[115,10,116,12],[117,10,118,12],[119,10,120,12],[121,10,122,12],[115,13,116,14],[117,13,118,14],[119,13,120,14],[39,2,39,3],[39,8,39,9],[29,11,29,13],[119,1,119,3],[37,1,37,9],[38,10,38,11],[39,10,39,11],[37,10,37,17],[35,0,35,17],[121,0,122,0],[121,1,122,2],[39,16,39,17],[119,6,119,8],[118,1,118,3],[113,1,113,3],[116,1,116,3],[116,6,116,8],[118,6,118,8],[37,0,38,0],[38,8,38,9],[38,2,38,3],[40,2,40,3],[40,8,40,9],[40,10,40,11],[40,16,40,17],[41,2,41,3],[41,8,41,9],[41,10,41,11],[41,16,41,17],[38,16,38,17],[44,2,44,3]]}
[]
[null,"FORMATO PARA MODIFICACIÓN DE ÓRDENES DE COMPRA"]
[null,"Tienda Virtual del Estado Colombiano"]
[]
[null,"Número de Orden de Compra a modificar:",null,null,1584,null,null,"Número de modificación de la Orden de Compra:",null,null,2]
[]
[]
[null,"Entidad Compradora:",null,"MINISTERIO DE TIC",null,null,null,null,null,null,null,"NIT:","800131648-6"]
[]
[null,"Nombre del solicitante:",null,null,null,null,null,null,null,null,"Teléfono de contacto:"]
[]
[null,"Proveedor :",null,"SYNAPSIS COLOMBIA S.A.S"]
[]
[null,"Tipo "]
[]
[null,"Tipo",null,"Modificación de la Orden de Compra"]
[]
[null,"Justificación de la modificación o de las acciones a realizar"]
[]
[null,"El día 15 de enero de 2016, el Ingeniero Rafael Londoño Carantón, Subdirector de Gestión Pública de TI, en calidad de supervisor de la Orden de Compra No. 1584 del 19 de febrero de 2015, suscrita entre el Fondo de Tecnologías de la Información y las Comunicaciones y Synapsis Colombia S.A.S para la prestación de Servicios de Centro de Contacto al ciudadano, solicitó la prórroga y adición de la misma hasta el 30 de junio de 2016 y por un valor de $876.040.066.\n\nCon base en lo anterior, y teniendo en cuenta las consideraciones señaladas por el supervisor, en la comunicación que se anexa solicito de manera atenta la modificación de la orden de compra No. 1584, en los siguientes términos: \n"]
[]
[null,"Modificación información general"]
[]
[null,"Nombre del campo",null,"¿Requiere modificación Si/No?","Datos actuales",null,null,null,null,"Nuevos datos"]
[]
[null,"Actualizar supervisor",null,"NO","Nombre del supervisor actual",null,null,null,null,"Nombre nuevo supervisor"]
[]
[null,"Fecha de vencimiento",null,"Ampliar fecha","Fecha vencimiento actual",null,"Enero 15/2016",null,null,"Nueva fecha de vencimiento",null,"Junio 30 de 2016"]
[]
[null,"Dirección y/o teléfono",null,"NO","Dirección / teléfono actual",null,null,null,null,"Nueva dirección / teléfono"]
[]
[null,"Gravámenes adicionales",null,"NO","Gravamen(es) actual",null,null,null,null,"Nuevo(s) gravamen(es)"]
[]
[]
[]
["Modificación de artículos y servicios"]
[]
["Tipo de modificación","Información actual",null,null,null,null,null,null,null,null,"Nueva información"]
[null,"Número de la línea según O.C.","Nombre del artículo",null,"Cantidad","Unidad de medida","Precio unitario","Total","Información presupuestal",null,"Nombre del artículo",null,"Cantidad","Unidad de medida","Precio unitario","Total","Información presupuestal"]
["Modificación de artículo o servicio",1,"Agente con puesto de trabajo-Agente general_Mes_Alta-Oro - 1 Und",null,10,"Mes",3406866,{"$f":"E40*G40","v":34068660},28315,null,{"$f":"C40","v":"Agente con puesto de trabajo-Agente general_Mes_Alta-Oro - 1 Und"},null,5.5,"Mes",3637510.8282000003,{"$f":"M40*O40","v":20006309.555100001},39116]
["Modificación de artículo o servicio",2,"Minuto IVR Enrutador-__-Oro - 450 Minuto",null,10,"Mes",4068,{"$f":"E41*G41","v":40680},28315,null,"Minuto IVR Enrutador-__-Oro - 200 Minuto",null,5.5,"Mes",1930.4015999999999,10617.2088,39116]
["Modificación de artículo o servicio",3,"Minuto a 1-8000 desde celular-__-Oro - 274 Minuto",null,10,"Mes",46889,{"$f":"E42*G42","v":468890},28315,null,"Minuto a 1-8000 desde celular-__-Oro - 200 Minuto",null,5.5,"Mes",36542.617007299268,200984.39354014597,39116]
["Modificación de artículo o servicio",4,"Minuto a 1-8000 desde Fijos-__-Oro - 500 Minuto",null,10,"Mes",85564,{"$f":"E43*G43","v":855640},28315,null,{"$f":"C43","v":"Minuto a 1-8000 desde Fijos-__-Oro - 500 Minuto"},null,5.5,"Mes",91356.68280000001,502461.75540000002,39116]
["Agregar nuevo artículo o servicio","No aplica","No aplica",null,"No aplica","No aplica","No aplica",0,"No aplica",null,"Minuto De Operacion Entrante Inbound Chat-__-Oro - 410 Minuto",null,5.5,"Mes",213969.17343939006,1176830.4539166454,39116]
["Modificación de artículo o servicio",44,"Agente con puesto de trabajo-Agente profesional_Mes_Alta-Oro - 6 Und",null,5,"Mes",30038089,{"$f":"E45*G45","v":150190445},28315,null,"Agente con puesto de trabajo-Agente profesional_Mes_Alta-Oro - 9 Und",null,5.5,"Mes",48107501.493043318,264591258.21173826,39116]
["Modificación de artículo o servicio",12,"Agente con puesto de trabajo-Agente general_Mes_Alta-Oro - 2 Und",null,10,"Mes",6813731,{"$f":"E46*G46","v":68137310},28315,null,{"$f":"C46","v":"Agente con puesto de trabajo-Agente general_Mes_Alta-Oro - 2 Und"},null,4,"Mes",7275021.6564000007,29100086.625600003,39116]
["Agregar nuevo artículo o servicio","No aplica","No aplica",null,"No aplica","No aplica","No aplica",0,"No aplica",null,"Soft de gestión de operaciones de TI - 6 Licencias",null,5.5,"Mes",1948013.695872,10714075.327296,39116]
["Agregar nuevo artículo o servicio","No aplica","No aplica",null,"No aplica","No aplica","No aplica",0,"No aplica",null,"Minuto De Operacion Entrante Inbound Chat-__-Oro - 16000 Minuto",null,5.5,"Mes",8350016.5244640019,45925090.884552009,39116]
["Modificación de artículo o servicio",13,"Minuto IVR Enrutador-__-Oro - 4500 Minuto",null,10,"Mes",40682,{"$f":"E49*G49","v":406820},28315,null,"Minuto IVR Enrutador-__-Oro - 6000 Minuto",null,5.5,"Mes",57912.047999999995,318516.26399999997,39116]
["Modificación de artículo o servicio",14,"Minuto a 1-8000 desde celular-__-Oro - 5000 Minuto",null,10,"Mes",855639,8556390,28315,null,"Minuto a 1-8000 desde celular-__-Oro - 7000 Minuto",null,5.5,"Mes",1278991.5952554746,7034453.7739051096,39116]
["Modificación de artículo o servicio",15,"Minuto a 1-8000 desde Fijos-__-Oro - 3000 Minuto",null,10,"Mes",513384,5133840,28315,null,"Minuto a 1-8000 desde Fijos-__-Oro - 15000 Minuto",null,5.5,"Mes",2740700.4840000002,15073852.662,39116]
["Modificación de artículo o servicio",16,"Minuto larga distancia nacional outbound-__-Oro - 30 Minuto",null,10,"Mes",2280,22800,28315,null,"Minuto larga distancia nacional outbound-__-Oro - 1000 Minuto",null,5.5,"Mes",81148.616640000007,446317.39152000006,39116]
["Modificación de artículo o servicio",18,"Minuto a Celular outbound - Claro-__-Oro - 100 Minuto",null,10,"Mes",12160,121600,28315,null,{"$f":"C53","v":"Minuto a Celular outbound - Claro-__-Oro - 100 Minuto"},null,5.5,"Mes",64917.654779999997,357047.10128999996,39116]
["Modificación de artículo o servicio",19,"Minuto a Celular outbound - Movistar-__-Oro - 100 Minuto",null,10,"Mes",12160,121600,28315,null,"Minuto a Celular outbound - Movistar-__-Oro - 500 Minuto",null,5.5,"Mes",64917.654779999997,357047.10128999996,39116]
["Modificación de artículo o servicio",20,"Minuto a Celular outbound - Tigo-__-Oro - 100 Minuto",null,10,"Mes",12160,121600,28315,null,"Minuto a Celular outbound - Tigo-__-Oro - 500 Minuto",null,5.5,"Mes",64917.654779999997,357047.10128999996,39116]
["Modificación de artículo o servicio",21,"Minuto a Celular outbound - Otros operadores-__-Oro - 100 Minuto",null,10,"Mes",12160,121600,28315,null,"Minuto a Celular outbound - Otros operadores-__-Oro - 500 Minuto",null,5.5,"Mes",64917.654779999997,357047.10128999996,39116]
["Modificación de artículo o servicio",22,"Minuto Llamada Bogotá Outbound-__-Oro - 20 Minuto",null,10,"Mes",304,3040,28315,null,"Minuto Llamada Bogotá Outbound-__-Oro - 700 Minuto",null,5.5,"Mes",11357.33844,62465.361420000001,39116]
["Modificación de artículo o servicio",17,"Minutos de operación otros canales fax email web redes sociales-Agente general_minuto diurno_Alta-Oro - 716 Minuto",null,10,"Mes",348083,3480830,28315,null,"Minutos de operación otros canales fax email web redes sociales-Agente general_minuto diurno_Alta-Oro - 6000 Minuto",null,5.5,"Mes",3121100.64,17166053.52,39116]
["Modificación de artículo o servicio",23,"Mensaje SMS - Claro-__-Oro - 100000 Mensaje SMS",null,10,"Mes",6079897,60798970,28315,null,{"$f":"C59","v":"Mensaje SMS - Claro-__-Oro - 100000 Mensaje SMS"},null,5.5,"Mes",6491506.0269000009,35703283.147950009,39116]
["Agregar nuevo artículo o servicio","No aplica","No aplica",null,"No aplica","No aplica","No aplica",0,"No aplica",null,"Clic to call_Licencia de Software_Mes_Alta-oro 1 Und",null,5.5,"Mes",257833.43029248001,1418083.8666086402,39116]
["Modificación de artículo o servicio",6,"Agente con puesto de trabajo-Agente general_Mes_Alta-Oro - 6 Und",null,10,"Mes",27691193,{"$f":"E61*G61","v":276911930},28315,null,"Agente con puesto de trabajo-Agente general_Mes_Alta-Oro - 2 Und",null,6,"Mes",7275020.5887000002,43650123.532200001,39116]
["Modificación de artículo o servicio",7,"Minuto IVR Enrutador-__-Oro - 4224 Minuto",null,10,"Mes",38187,381870,28315,null,{"$f":"C62","v":"Minuto IVR Enrutador-__-Oro - 4224 Minuto"},null,5.5,"Mes",18436.24163866667,101399.32901266668,39116]
["Modificación de artículo o servicio",8,"Minuto a 1-8000 desde celular-__-Oro - 3379 Minuto",null,10,"Mes",578241,5782410,28315,null,"Minuto a 1-8000 desde celular-__-Oro - 2090 Minuto",null,5.5,"Mes",381870.48780540004,2100287.6829297002,39116]
["Modificación de artículo o servicio",9,"Minuto a 1-8000 desde Fijos-__-Oro - 3398 Minuto",null,10,"Mes",581492,5814920,28315,null,"Minuto a 1-8000 desde Fijos-__-Oro - 1850 Minuto",null,5.5,"Mes",338019.72636000003,1859108.4949800002,39116]
["Modificación de artículo o servicio",31,"Minuto larga distancia nacional outbound-__-Oro - 800 Minuto",null,10,"Mes",60799,607990,28315,null,"Minuto larga distancia nacional outbound-__-Oro - 10 Minuto",null,5.5,"Mes",811.45200000000011,4462.9860000000008,39116]
["Modificación de artículo o servicio",5,"Minutos de operación otros canales fax email web redes sociales-Agente general_minuto diurno_Alta-Oro - 410 Minuto",null,10,"Mes",199752,1997520,28315,null,{"$f":"C66","v":"Minutos de operación otros canales fax email web redes sociales-Agente general_minuto diurno_Alta-Oro - 410 Minuto"},null,5.5,"Mes",219563.12385377096,1207597.1811957404,39116]
["Modificación de artículo o servicio",32,"Minuto a Celular outbound - Claro-__-Oro - 650 Minuto",null,10,"Mes",79039,790390,28315,null,"Minuto a Celular outbound - Claro-__-Oro - 100 Minuto",null,5.5,"Mes",12983.232000000002,71407.776000000013,39116]
["Modificación de artículo o servicio",33,"Minuto a Celular outbound - Movistar-__-Oro - 650 Minuto",null,10,"Mes",79039,790390,28315,null,"Minuto a Celular outbound - Movistar-__-Oro - 100 Minuto",null,5.5,"Mes",12983.232000000002,71407.776000000013,39116]
["Modificación de artículo o servicio",34,"Minuto a Celular outbound - Tigo-__-Oro - 650 Minuto",null,10,"Mes",79039,790390,28315,null,"Minuto a Celular outbound - Tigo-__-Oro - 100 Minuto",null,5.5,"Mes",12983.232000000002,71407.776000000013,39116]
["Modificación de artículo o servicio",35,"Minuto a Celular outbound - Otros operadores-__-Oro - 650 Minuto",null,10,"Mes",79039,790390,28315,null,"Minuto a Celular outbound - Otros operadores-__-Oro - 100 Minuto",null,5.5,"Mes",12983.232000000002,71407.776000000013,39116]
["Modificación de artículo o servicio",36," Minuto Llamada Bogotá Outbound-__-Oro - 1450 Minuto",null,10,"Mes",22040,220400,28315,null," Minuto Llamada Bogotá Outbound-__-Oro - 10 Minuto",null,5.5,"Mes",162.29040000000001,892.59720000000004,39116]
["Modificación de artículo o servicio",23,"Mensaje SMS - Claro-__-Oro - 100000 Mensaje SMS",null,10,"Mes",6079897,60798970,28315,null,{"$f":"C72","v":"Mensaje SMS - Claro-__-Oro - 100000 Mensaje SMS"},null,5.5,"Mes",6491506.0269000009,{"$f":"M72*O72","v":35703283.147950009},39116]
["Modificación de artículo o servicio",24,"Mensaje SMS - Movistar-__-Oro - 100000 Mensaje SMS",null,10,"Mes",6079897,60798970,28315,null,"Mensaje SMS - Movistar-__-Oro - 100000 Mensaje SMS",null,5.5,"Mes",6491506.0269000009,35703283.147950009,39116]
["Modificación de artículo o servicio",25,"Mensaje SMS - Tigo-__-Oro - 100000 Mensaje SMS",null,10,"Mes",6079897,60798970,28315,null,"Mensaje SMS - Tigo-__-Oro - 100000 Mensaje SMS",null,5.5,"Mes",6491506.0269000009,35703283.147950009,39116]
["Modificación de artículo o servicio",27,"USSD Para Consulta al Ciudadano-__-Oro - 100000 Minuto",null,10,"Mes",8359858,83598580,28315,null,"USSD Para Consulta al Ciudadano-__-Oro - 100000 Minuto",null,1,"Mes",35704400.495999999,35704400.495999999,39116]
["Modificación de artículo o servicio",46,"Gestion de Redes Sociales-Agente profesional_Mes_Alta-Oro - 1 Und",null,10,"Mes",4307745,43077450,28315,null,"Gestion de Redes Sociales-Agente profesional_Mes_Alta-Oro - 1 Und",null,5.5,"Mes",4599379.3365000002,25296586.350749999,39116]
["Modificación de artículo o servicio",42,"Gerente de Proyecto-__-Plata/Oro - 1 Und",null,5,"Mes",15077109,75385545,28315,null,"Gerente de Proyecto-__-Plata/Oro - 1 Und",null,1,"Mes",16097829.279300001,16097829.279300001,39116]
["Modificación de artículo o servicio",43,"Agente con puesto de trabajo-Agente especializado_Mes_Alta-Oro - 4 Und",null,5,"Mes",24333138,121665690,28315,null,"Agente con puesto de trabajo-Agente especializado_Mes_Alta-Oro - 4 Und",null,1,"Mes",25980491.442600001,25980491.442600001,39116]
["Modificación de artículo o servicio",44,"Agente con puesto de trabajo-Agente profesional_Mes_Alta-Oro - 6 Und",null,5,"Mes",30038089,150190445,28315,null,"Agente con puesto de trabajo-Agente profesional_Mes_Alta-Oro - 4 Und",null,1,"Mes",21381111.750200003,21381111.750200003,39116]
["Modificación de artículo o servicio",45,"Agente con puesto de trabajo-Agente técnico_Mes_Alta-Oro - 2 Und",null,5,"Mes",10478431,52392155,28315,null,"Agente con puesto de trabajo-Agente técnico_Mes_Alta-Oro - 3 Und",null,1,"Mes",16781731.168050002,16781731.168050002,39116]
["Modificación de artículo o servicio",28,"Minuto IVR Enrutador-__-Oro - 50000 Minuto",null,10,"Mes",452019,4520190,28315,null,"Minuto IVR Enrutador-__-Oro - 8000 Minuto",null,5.5,"Mes",77219.30980800002,424706.20394400012,39116]
["Modificación de artículo o servicio",29,"Minuto a 1-8000 desde celular-__-Oro - 1500 Minuto",null,10,"Mes",256692,2566920,28315,null,"Minuto a 1-8000 desde celular-__-Oro - 250 Minuto",null,5.5,"Mes",45678.341400000005,251230.87770000001,39116]
["Modificación de artículo o servicio",30,"Minuto a 1-8000 desde Fijos-__-Oro - 1500 Minuto",null,10,"Mes",256692,2566920,28315,null,"Minuto a 1-8000 desde Fijos-__-Oro - 400 Minuto",null,5.5,"Mes",73085.346239999999,401969.40431999997,39116]
["Modificación de artículo o servicio",37,"Minutos de operación otros canales fax email web redes sociales-Agente técnico_min 7x24_Alta-Oro - 25300 Minuto",null,10,"Mes",10181156,101811560,28315,null,"Minutos de operación otros canales fax email web redes sociales-Agente técnico_min 7x24_Alta-Oro - 7000 Minuto",null,5.5,"Mes",3007626.1592252967,16541943.875739131,39116]
["Modificación de artículo o servicio",10,"Minutos de operación otros canales fax email web redes sociales-Agente general_minuto diurno_Alta-Oro - 6000 Minuto",null,10,"Mes",2923200,29232000,28315,null,"Minutos de operación otros canales fax email web redes sociales-Agente general_minuto diurno_Alta-Oro - 200 Minuto",null,5.5,"Mes",103811.275176,570962.01346799999,39116]
["Modificación de artículo o servicio",41,"Grabación anuncios IVR -__-Oro - 10 Anuncio para IVR",null,10,"Mes",30959,309590,28315,null,{"$f":"C86","v":"Grabación anuncios IVR -__-Oro - 10 Anuncio para IVR"},null,5.5,"Mes",835973.76468203997,4597855.7057512198,39116]
["Modificación de artículo o servicio",40," Cargo PRI (Hasta 30 canales)-__-Oro - 2 Und",null,10,"Mes",852449,8524490,28315,null,{"$f":"C87","v":" Cargo PRI (Hasta 30 canales)-__-Oro - 2 Und"},null,5.5,"Mes",910159.79730000009,5005878.8851500005,39116]
["Modificación de artículo o servicio",38,"Minuto conexión Outbound-Agente técnico_min 7x24_Alta-Oro - 38000 Minuto",null,10,"Mes",3806845,38068450,28315,null,"Minuto conexión Outbound-Agente técnico_min 7x24_Alta-Oro - 1500 Minuto",null,5.5,"Mes",160443.59930999999,882439.7962049999,39116]
["Agregar nuevo artículo o servicio","No aplica","No aplica",null,"No aplica","No aplica","No aplica",0,"No aplica",null,"Soft de gestión de operaciones de TI - 4 Licencias",null,5.5,"Mes",1298675.797248,7142716.8848640006,39116]
["Agregar nuevo artículo o servicio","No aplica","No aplica",null,"No aplica","No aplica","No aplica",0,"No aplica",null,"Minuto De Operacion Entrante Inbound Chat-__-Oro - 1700 Minuto",null,5.5,"Mes",887189.25572430028,4879540.9064836511,39116]
["Agregar nuevo artículo o servicio","No aplica","No aplica",null,"No aplica","No aplica","No aplica",0,"No aplica",null,"1220 - Minuto larga distancia nacional outbound-__-Oro - 350 Minuto",null,5.5,"Mes",28400.352881250001,156201.94084687502,39116]
["Agregar nuevo artículo o servicio","No aplica","No aplica",null,"No aplica","No aplica","No aplica",0,"No aplica",null,"1225 - Minuto a Celular outbound - Claro-__-Oro - 200 Minuto",null,5.5,"Mes",25966.135476923078,142813.74512307692,39116]
["Agregar nuevo artículo o servicio","No aplica","No aplica",null,"No aplica","No aplica","No aplica",0,"No aplica",null,"1226 - Minuto a Celular outbound - Movistar-__-Oro - 200 Minuto",null,5.5,"Mes",25966.135476923078,142813.74512307692,39116]
["Agregar nuevo artículo o servicio","No aplica","No aplica",null,"No aplica","No aplica","No aplica",0,"No aplica",null,"1227 - Minuto a Celular outbound - Tigo-__-Oro - 200 Minuto",null,5.5,"Mes",25966.135476923078,142813.74512307692,39116]
["Agregar nuevo artículo o servicio","No aplica","No aplica",null,"No aplica","No aplica","No aplica",0,"No aplica",null,"1228 - Minuto a Celular outbound - Otros operadores-__-Oro - 200 Minuto",null,5.5,"Mes",25966.135476923078,142813.74512307692,39116]
["Agregar nuevo artículo o servicio","No aplica","No aplica",null,"No aplica","No aplica","No aplica",0,"No aplica",null,"1218 - Minuto Llamada Bogotá Outbound-__-Oro - 350 Minuto",null,5.5,"Mes",5680.1640000000007,31240.902000000002,39116]
["Agregar nuevo artículo o servicio","No aplica","No aplica",null,"No aplica","No aplica","No aplica",0,"No aplica",null,"828 - Minuto conexión Inbound-Agente técnico_min 7x24_Alta-Oro - 1000 Minuto",null,5.5,"Mes",106962.39954000001,588293.19747000001,39116]
["Agregar nuevo artículo o servicio","No aplica","No aplica",null,"No aplica","No aplica","No aplica",0,"No aplica",null,"60 - Agente con puesto de trabajo-Agente general_Mes_Alta-Oro - 2 Und",null,5.5,"Mes",7275021.6606708001,40012619.133689404,39116]
["Agregar nuevo artículo o servicio","No aplica","No aplica",null,"No aplica","No aplica","No aplica",0,"No aplica",null,"1298 - Minuto IVR Enrutador-__-Oro - 50 Minuto",null,5.5,"Mes",482.40821399999999,2653.2451769999998,39116]
["Agregar nuevo artículo o servicio","No aplica","No aplica",null,"No aplica","No aplica","No aplica",0,"No aplica",null,"1216 - Minuto a 1-8000 desde celular-__-Oro - 100 Minuto",null,5.5,"Mes",18270.824064,100489.53235200001,39116]
["Agregar nuevo artículo o servicio","No aplica","No aplica",null,"No aplica","No aplica","No aplica",0,"No aplica",null,"1214 - Minuto a 1-8000 desde Fijos-__-Oro - 100 Minuto",null,5.5,"Mes",18270.824064,100489.53235200001,39116]
["Agregar nuevo artículo o servicio","No aplica","No aplica",null,"No aplica","No aplica","No aplica",0,"No aplica",null,"1220 - Minuto larga distancia nacional outbound-__-Oro - 1000 Minuto",null,5.5,"Mes",81148.616640000007,446317.39152000006,39116]
["Agregar nuevo artículo o servicio","No aplica","No aplica",null,"No aplica","No aplica","No aplica",0,"No aplica",null,"1225 - Minuto a Celular outbound - Claro-__-Oro - 500 Minuto",null,5.5,"Mes",64917.654779999997,357047.10128999996,39116]
["Agregar nuevo artículo o servicio","No aplica","No aplica",null,"No aplica","No aplica","No aplica",0,"No aplica",null,"1226 - Minuto a Celular outbound - Movistar-__-Oro - 500 Minuto",null,5.5,"Mes",64917.654779999997,{"$f":"M104*O104","v":357047.10128999996},39116]
["Agregar nuevo artículo o servicio","No aplica","No aplica",null,"No aplica","No aplica","No aplica",0,"No aplica",null,"1227 - Minuto a Celular outbound - Tigo-__-Oro - 500 Minuto",null,5.5,"Mes",64917.654779999997,357047.10128999996,39116]
["Agregar nuevo artículo o servicio","No aplica","No aplica",null,"No aplica","No aplica","No aplica",0,"No aplica",null,"1228 - Minuto a Celular outbound - Otros operadores-__-Oro - 500 Minuto",null,5.5,"Mes",64917.654779999997,357047.10128999996,39116]
["Agregar nuevo artículo o servicio","No aplica","No aplica",null,"No aplica","No aplica","No aplica",0,"No aplica",null,"1218 - Minuto Llamada Bogotá Outbound-__-Oro - 700 Minuto",null,5.5,"Mes",11357.33844,62465.361420000001,39116]
["Agregar nuevo artículo o servicio","No aplica","No aplica",null,"No aplica","No aplica","No aplica",0,"No aplica",null,"1314 - Mensaje SMS - Movistar-__-Oro - 100000 Mensaje SMS",null,5.5,"Mes",6491506.0269000009,35703283.147950009,39116]
["Agregar nuevo artículo o servicio","No aplica","No aplica",null,"No aplica","No aplica","No aplica",0,"No aplica",null,"Soft de gestión de operaciones de TI - 5 Licencias",null,5.5,"Mes",1399435.1373900003,7696893.2556450013,39116]
[]
[null,null,null,null,null,null,"TOTAL",{"$f":"SUM(H40:H109)","v":1523836210},null,null,null,null,null,null,"TOTAL",{"$f":"SUM(P40:P109)","v":876040066.22647429}]
[]
[]
[]
[]
[null,null,null,null,null,null,null,null,null,null,"Valor total del IVA en la Orden de Compra:",null,null,120833112.58]
[null,"Firma ordenador del gasto",null,null,null,null,"Firma de Proveedor"]
[null,null,null,null,null,null,null,null,null,null,"Valor total del AIU en la Orden de Compra:"]
["Nombre:","JUAN DAVID DUQUE BOTERO",null,null,null,"Nombre:","EDGAR MARTÍNEZ NIÑO"]
["Documento de Identidad:",79941784,null,null,"Documento de Identidad:",null,4130692,null,null,null,"Valor total gravámenes adicionales en la Orden de Compra:"]
[]
["Fecha Elaboracion:","2016-01-15",null,null,null,null,null,null,null,null,"Valor total de la Orden de Compra:",null,null,2525899641]

{"sheet":"Instructivo de Diligenciamiento","index":1,"n_rows":7,"n_cols":2,"rows_kept":7,"cut":false,"hidden":false,"merged":[[6,1,77,10]]}
[]
[]
[]
[]
[]
[]
[null,"Instrucciones de diligenciamiento:\n\nColombia Compra Eficiente ha diseñado este formato para que las Entidades Compradoras puedan realizar aclaraciones, modificaciones,  cancelaciones o liquidaciones  de las Órdenes de Compra que estén en ejecución y vigentes. Para ello debe indicar:\n \n1. Datos generales: Datos básicos como número de la Orden de Compra que requiere cambiar, número consecutivo de solicitud tenga en cuenta que la primera solicitud corresponderá a la número “1”, nombre de la Entidad Compradora, nombre de la persona que solicita las acciones, NIT de la Entidad Compradora y el nombre del Proveedor que ejecuta la Orden de Compra.\n\n2. Tipo: Las Entidades pueden solicitar cuatro tipos de acciones respecto de las Órdenes de Compra:\n\n(i) Aclaraciones: Son las indicaciones de cambio de información que no afectan el plazo, el valor o las condiciones contractuales de las Órdenes de Compra como: redacción en las condiciones de entrega, errores de digitación  o rectificación de la fecha de vencimiento. Estas aclaraciones no requieren de la aceptación del Proveedor. Sin embargo una vez realizada la aclaración en la Orden de Compra, la Entidad Compradora debe notificarle al Proveedor el cambio. \n\n(ii) Modificaciones: Son indicaciones de cambio en aumento o disminución de valor o plazo,  aumento o disminución de los bienes o servicios solicitados, cambios en las condiciones de ejecución o datos que afecten la ejecución de la Orden de Compra. Solo en los casos de cambio de supervisor y datos de notificación como dirección o teléfono se puede omitir la firma del Proveedor. Sin embargo una vez realizada la modificación, la Entidad Compradora debe notificarle al Proveedor el cambio.\n\n(iii) Cancelación: Es la manifestación de la Entidad de no ejecutar la totalidad de la Orden de Compra la cual también debe ser aceptada por el Proveedor.\n\n(iv) Liquidación: Es el ajuste formal y definitivo de las obligaciones derivadas de la Orden de Compra para establecer las acreencias pendientes a favor o en contra de cada parte de la Orden de Compra, así como para aclarar la ejecución de la misma. Se efectúa, cuando aplique, dentro de los términos establecidos en cada Acuerdo Marco de Precios. Se requiere la solicitud por parte de la Entidad Compradora firmada por el Ordenador del Gasto y el representante legal del Proveedor, así como el informe del supervisor de la Orden de Compra. \n\n3. Justificación: Las razones de la realización del cambio o la cancelación de la Orden de Compra.\n\n4. Especificar las modificaciones solicitadas a la información general de la Orden de Compra o la modificación detallada de los bienes y servicios así:\n\n(i) Modificación de información general: Modificaciones a: (a) nombre del supervisor; (b) fecha de vencimiento de la Orden de Compra; (c) dirección y/o teléfono de la Entidad Compradora; o (d) Gravámenes adicionales (estampillas), en todos los campos debe diligenciar la información actual  en la Orden de Compra y los nueva información.\n\n(ii) Modificación de los artículos y/o servicios: \n\n(a) Modificaciones a los artículos o servicios: Adicionar o disminuir en cantidades un producto que fue adquirido en la Orden de Compra inicial. La Entidad debe identificar en los campos de “información actual”: (i) el número de la línea del artículo que lo puede consultar en la Orden de Compra (ii) el artículo adquirido inicialmente; (iii) las unidades de medida; (iv) las cantidades adquiridas; (v) los precios de la compra; y (vi) la información presupuestal. Para modificar o agregar nuevos artículos la Entidad Compradora debe identificar en el campo “nueva información”: (i) la cantidad final requerida; (ii) unidad de medida; (iii) precio unitario acordado previamente con el Proveedor el cual debe respetar lo dispuesto en el contrato correspondiente (precio techo, precio piso, etc.) y (iv) la información presupuestal que respalda el cambio o la inclusión.\n\n(b) Agregar nuevos artículos o servicios: Ingresar nuevos artículos que no se tenían contemplados en la Orden de Compra inicial. La Entidad Compradora debe previamente solicitarle al Proveedor el precio del artículo, el cual debe respetar lo dispuesto en el contrato correspondiente (precio techo, precio piso, etc.) y la Entidad Compradora lo debe indicar en el formato en el campo “nueva información”.\n\n(c) Eliminar artículos o servicios: Descartar artículos que la Entidad Compradora determine que no va a requerir durante la ejecución de la Orden de Compra. Para eliminar artículos la Entidad debe identificar en los campos de “información actual”: (i) el número de la línea del artículo que lo puede consultar en la Orden de Compra (ii) el artículo adquirido inicialmente; (iii) las unidades de medida; (iv) las cantidades adquiridas; (v) los precios de la compra; y (vi) la información presupuestal.\n\nEn esta sección la Entidad Compradora puede agregar tantas filas como artículos requiera modificar haciendo clic en el botón de Agregar registro o Eliminar registro.\n\n5. Consolidado de valores: Indicar en el recuadro el valor total del IVA, AUI, gravámenes adicionales y total de la Orden de Compra, estos campos serán los valores finales que quedarán en la Orden de Compra después de la modificación, tenga en cuenta que el campo de IVA no aplica para los AMP de papelería, vehículos y SOAT y que el campo de AIU solo aplica para aseo y cafetería.\n\n6. Firmas del documento: El ordenador del gasto de la Entidad Compradora debe firmar el documento y enviarlo al Proveedor para que lo acepte y firme, en caso de que así se requiera. El documento firmado debe ser enviado a través del aplicativo dispuesto por   Colombia Compra Eficiente para realizar las acciones solicitadas.\n\n7. Fecha de elaboración del documento: Corresponde a la fecha en la que la Entidad Compradora y el Proveedor llegaron a un acuerdo para realizar las acciones y se suscribe el documento, recuerde que para poder realizar modificaciones en las Órdenes de Compra las mismas se deben acordar dentro de la vigencia de la Orden de Compra. \n\nSi la Entidad Compradora requiere agregar archivos que estén relacionados con las acciones a realizar como: copia del CDP y/o aprobación de Vigencia Futura (VF) que soporta la adición, soportes documentales, correos, cartas, etc... debe publicarlos junto con el documento de solicitud de modificación suscrito en un único archivo Pdf, tenga en cuenta que Colombia Compra Eficiente únicamente realizara las modificaciones especificadas en el formato enviado por el aplicativo.\n"]

{"sheet":"Listas","index":2,"n_rows":5,"n_cols":3,"rows_kept":5,"cut":false,"hidden":true,"merged":[]}
["TipoDeModificacion",null,"Modificacion"]
["Modificación de la Orden de Compra",null,"Modificación de artículo o servicio"]
["Aclaración a la Orden de Compra",null,"Agregar nuevo artículo o servicio"]
["Cancelación de la Orden de Compra",null,"Eliminar artículo o servicio"]
["Liquidación de la Orden de Compra",null,"Ninguna"]